[Event "EU-ch 23rd"]
[Site "Vrnjacka Banja"]
[Date "2023.03.05"]
[Round "3"]
[White "Hlebec, Darko"]
[Black "Petrovic, Dragan"]
[Result "0-1"]
[WhiteElo "1900"]
[BlackElo "2141"]
[PlyCount "98"]
[EventDate "2023.03.03"]
[EventType "swiss"]
[EventRounds "11"]
[EventCountry "SRB"]
[SourceTitle "CBM 213"]
[Source "ChessBase"]
[SourceDate "2023.04.30"]
[SourceVersion "1"]
[SourceVersionDate "2023.04.30"]
[SourceQuality "1"]

1. d4 Nf6 2. Nf3 b5 3. e3 a6 4. Bd3 Bb7 5. Nbd2 d6 6. 0-0 Nbd7 7. e4 e5 8. dxe5 dxe5 9. b3 Bd6 10. Bb2 0-0 11. Qe2 Qe7 12. c4 b4 13. Bc2 a5 14. Rfd1 a4 15. Nf1 a3 16. Bc1 Nc5 17. Ng3 g6 18. Ng5 Nfd7 19. Be3 f6 20. Nf3 Ne6 21. Qd2 Rad8 22. Rac1 Nb8 23. Qe1 c5 24. h3 Nc6 25. Nh2 Ncd4 26. Bb1 Rfe8 27. Nhf1 Nf4 28. Nh2 Qe6 29. f3 Rd7 30. Bxf4 exf4 31. Ne2 Be5 32. Nxd4 Bxd4+ 33. Kh1 Red8 34. Rd3 h5 35. Rcd1 g5 36. Bc2 Bc6 37. Qf1 Qe5 38. R3d2 Rg7 39. Qe2 Bd7 40. Rf1 Be6 41. Rd3 Rdd7 42. Bd1 f5 43. Bc2 g4 44. Re1 gxh3 45. gxh3 Rg3 46. Rdd1 Rdg7 47. Bd3 fxe4 48. Qxe4 Qxe4 49. Bxe4 Kf8 0-1

[Event "EU-ch 23rd"]
[Site "Vrnjacka Banja"]
[Date "2023.03.03"]
[Round "1"]
[White "Parkhov, Yair"]
[Black "Petrovic, Dragan"]
[Result "1-0"]
[WhiteElo "2485"]
[BlackElo "2141"]
[PlyCount "71"]
[EventDate "2023.03.03"]
[EventType "swiss"]
[EventRounds "11"]
[EventCountry "SRB"]
[SourceTitle "CBM 213"]
[Source "ChessBase"]
[SourceDate "2023.04.30"]
[SourceVersion "1"]
[SourceVersionDate "2023.04.30"]
[SourceQuality "1"]

1. d4 Nf6 2. c4 d6 3. Nc3 Nbd7 4. e4 e5 5. Nf3 Be7 6. Be2 0-0 7. 0-0 c6 8. Be3 a6 9. d5 c5 10. Kh1 Ne8 11. Rg1 g6 12. g4 Ng7 13. Qd2 f6 14. a3 Rf7 15. b4 b6 16. Rab1 Qc7 17. Rb2 Nf8 18. Ne1 f5 19. f3 Bd7 20. a4 a5 21. bxc5 bxc5 22. Nd3 f4 23. Bf2 g5 24. Rgb1 h5 25. h3 Ng6 26. Rb6 Qc8 27. Nxc5 hxg4 28. Nxd7 Qxd7 29. hxg4 Nh4 30. c5 dxc5 31. d6 Bd8 32. Qd5 Rc8 33. Rb7 Qe6 34. Bc4 Rxb7 35. Qxe6+ Nxe6 36. Rxb7 1-0

[Event "Veliko Gradiste Silver Lake op-A"]
[Site "Veliko Gradiste"]
[Date "2022.06.26"]
[Round "9"]
[White "Petrovic, Dragan"]
[Black "Manakova, Maria"]
[Result "1/2-1/2"]
[WhiteElo "2143"]
[BlackElo "2278"]
[PlyCount "33"]
[EventDate "2022.06.19"]
[EventType "swiss"]
[EventRounds "9"]
[EventCountry "SRB"]
[SourceTitle "CBM 209 Extra"]
[Source "ChessBase"]
[SourceDate "2022.09.30"]
[SourceVersion "1"]
[SourceVersionDate "2022.09.30"]
[SourceQuality "1"]

1. e4 c5 2. Nf3 Nc6 3. d4 cxd4 4. Nxd4 Nf6 5. Nc3 e5 6. Nf5 d5 7. exd5 Bxf5 8. dxc6 Qxd1+ 9. Nxd1 bxc6 10. Ne3 Be4 11. Bd2 Bc5 12. 0-0-0 0-0 13. f3 Bg6 14. Bc4 Bd4 15. Rhe1 Rab8 16. Bb3 e4 17. Nc4 1/2-1/2

[Event "Veliko Gradiste Silver Lake op-A"]
[Site "Veliko Gradiste"]
[Date "2022.06.22"]
[Round "5"]
[White "Petrovic, Dragan"]
[Black "Botea, David Alexandru"]
[Result "1-0"]
[WhiteElo "2143"]
[BlackElo "1888"]
[PlyCount "61"]
[EventDate "2022.06.19"]
[EventType "swiss"]
[EventRounds "9"]
[EventCountry "SRB"]
[SourceTitle "CBM 209 Extra"]
[Source "ChessBase"]
[SourceDate "2022.09.30"]
[SourceVersion "1"]
[SourceVersionDate "2022.09.30"]
[SourceQuality "1"]

1. Nf3 Nf6 2. c4 e6 3. e3 d5 4. b3 Be7 5. Bb2 b6 6. Be2 0-0 7. 0-0 dxc4 8. bxc4 c5 9. d3 Nc6 10. Nbd2 Qc7 11. Qb3 e5 12. Rfd1 h6 13. Nf1 Be6 14. Ng3 Nd7 15. d4 exd4 16. exd4 cxd4 17. Nxd4 Nxd4 18. Bxd4 Bf6 19. Nh5 Bxd4 20. Rxd4 Qe5 21. Qe3 Rac8 22. Nf4 Bxc4 23. Bg4 Qxe3 24. fxe3 f5 25. Ng6 Rf7 26. Bxf5 Rc7 27. Rc1 b5 28. Be6 Bxe6 29. Rxc7 Bc4 30. h4 Nb6 31. Rd8+ 1-0

[Event "SRB-ch Central"]
[Site "Kragujevac"]
[Date "2015.03.12"]
[Round "6"]
[White "Rancic, Zoran"]
[Black "Petrovic, Dragan"]
[Result "0-1"]
[WhiteElo "2224"]
[BlackElo "2180"]
[PlyCount "92"]
[EventDate "2015.03.09"]
[EventType "swiss"]
[EventRounds "9"]
[EventCountry "SRB"]
[SourceTitle "CBM 165 Extra"]
[Source "ChessBase"]
[SourceDate "2015.04.21"]
[SourceVersion "1"]
[SourceVersionDate "2015.04.21"]
[SourceQuality "1"]

1. d4 d5 2. c4 e6 3. Nc3 c5 4. e3 Nf6 5. Nf3 a6 6. Be2 dxc4 7. Bxc4 b5 8. Be2 Bb7 9. 0-0 Nbd7 10. b3 Bd6 11. Bb2 0-0 12. a4 b4 13. Nb1 Qc7 14. h3 Rac8 15. Nbd2 cxd4 16. Nxd4 Ne5 17. Nc4 Nxc4 18. Bxc4 Rfd8 19. Qe2 Qa5 20. f4 Be7 21. Rad1 Qb6 22. Kh2 Nd5 23. Qe1 Bf6 24. Ba1 a5 25. Rf2 Bh4 26. g3 Bf6 27. Rc2 Ba6 28. Rdc1 Bxc4 29. Rxc4 Rxc4 30. Rxc4 h6 31. Kg2 Qb7 32. Kf2 Nb6 33. Rc5 Qe4 34. Qc1 e5 35. Nc6 Rd3 36. Nxe5 Bxe5 37. Rxe5 Qg6 38. Bd4 f6 39. Rb5 Nd7 40. f5 Qf7 41. Qc8+ Kh7 42. g4 Qxb3 43. Qxd7 Qd1 44. Rb7 Rd2+ 45. Kg3 Qe1+ 46. Kf3 Qf2+ 0-1

[Event "SRB-ch Central"]
[Site "Kragujevac"]
[Date "2015.03.10"]
[Round "3"]
[White "Petrovic, Dragan"]
[Black "Zivkovic, Nemanja"]
[Result "1-0"]
[WhiteElo "2180"]
[BlackElo "2310"]
[PlyCount "89"]
[EventDate "2015.03.09"]
[EventType "swiss"]
[EventRounds "9"]
[EventCountry "SRB"]
[SourceTitle "CBM 165 Extra"]
[Source "ChessBase"]
[SourceDate "2015.04.21"]
[SourceVersion "1"]
[SourceVersionDate "2015.04.21"]
[SourceQuality "1"]

1. e4 c5 2. Nf3 d6 3. d4 cxd4 4. Nxd4 Nf6 5. Nc3 a6 6. a4 e5 7. Nf3 h6 8. Bc4 Be7 9. 0-0 Be6 10. Qe2 Qc7 11. Nd5 Nxd5 12. Bxd5 Bxd5 13. exd5 0-0 14. c4 Nd7 15. b3 a5 16. Bb2 Rae8 17. Qc2 Qb6 18. Bc3 Qc7 19. Nd2 f5 20. Nb1 e4 21. Na3 Bf6 22. Nb5 Qb6 23. Rad1 Nc5 24. Bd4 Bxd4 25. Nxd4 f4 26. h3 Re5 27. Kh2 Qd8 28. f3 e3 29. Ne2 Qh4 30. Rd4 Rf6 31. Rxf4 Rxf4 32. g3 Rd4 33. gxh4 Rd2 34. Qg6 Rxe2+ 35. Kh1 b6 36. Rg1 Re7 37. Qxd6 Rf7 38. Qd8+ Rf8 39. Qe7 Rf7 40. Qe8+ Rf8 41. Qe5 Rf7 42. Rg2 Re1+ 43. Kh2 Nd3 44. Qe8+ Rf8 45. Qg6 1-0

[Event "SRB-ch Central"]
[Site "Kragujevac"]
[Date "2015.03.09"]
[Round "1"]
[White "Petrovic, Dragan"]
[Black "Zajic, Milan"]
[Result "0-1"]
[WhiteElo "2180"]
[BlackElo "2475"]
[PlyCount "74"]
[EventDate "2015.03.09"]
[EventType "swiss"]
[EventRounds "9"]
[EventCountry "SRB"]
[SourceTitle "CBM 165 Extra"]
[Source "ChessBase"]
[SourceDate "2015.04.21"]
[SourceVersion "1"]
[SourceVersionDate "2015.04.21"]
[SourceQuality "1"]

1. e4 e6 2. d4 d5 3. exd5 exd5 4. Nf3 Nc6 5. h3 Bf5 6. c3 Bd6 7. Bd3 Qd7 8. Bxf5 Qxf5 9. 0-0 Nge7 10. Na3 Bxa3 11. bxa3 0-0 12. Be3 Rfe8 13. Nh4 Qd7 14. Qd3 Na5 15. Rae1 Nc4 16. Bc1 Ng6 17. Nf5 Re6 18. f4 Rae8 19. Rxe6 fxe6 20. Ng3 Ne7 21. Nh5 Nf5 22. g4 Qf7 23. Qf3 Nfd6 24. f5 exf5 25. gxf5 Ne4 26. Qg4 Kh8 27. Kh2 g6 28. Ng3 Nxg3 29. Qxg3 Re2+ 30. Kh1 Nd6 31. Qd3 Ne4 32. Qf3 Rxa2 33. Bf4 Qxf5 34. Be5+ Kg8 35. Qxf5 gxf5 36. Rxf5 c6 37. Rf4 Nf2+ 0-1

[Event "SRB-chT2 East"]
[Site "Zajecar"]
[Date "2013.10.13"]
[Round "6.53"]
[White "Petrovic, Dragan"]
[Black "Vranjanac, Cedomir"]
[Result "1/2-1/2"]
[WhiteElo "2202"]
[BlackElo "1825"]
[PlyCount "24"]
[EventDate "2013.10.10"]
[EventType "team-swiss"]
[EventRounds "8"]
[EventCountry "SRB"]
[SourceTitle "EXT 2015"]
[Source "ChessBase"]
[SourceDate "2014.11.20"]
[SourceVersion "1"]
[SourceVersionDate "2014.11.20"]
[SourceQuality "1"]

1. e4 d5 2. exd5 Qxd5 3. d4 c6 4. c4 Qd6 5. Nc3 Nf6 6. h3 Bf5 7. Nf3 e6 8. Be2 Nbd7 9. 0-0 Be7 10. Nh4 Ne4 11. Nxf5 exf5 12. Bf3 Ndf6 1/2-1/2

[Event "SRB-chT2 East CS"]
[Site "Serbia"]
[Date "2012.09.15"]
[Round "2.22"]
[White "Trickovic, Borivoje"]
[Black "Petrovic, Dragan"]
[Result "0-1"]
[WhiteElo "2240"]
[BlackElo "2197"]
[PlyCount "79"]
[EventDate "2012.09.14"]
[EventType "team"]
[EventRounds "9"]
[EventCountry "SRB"]
[SourceTitle "EXT 2015"]
[Source "ChessBase"]
[SourceDate "2014.11.20"]
[SourceVersion "1"]
[SourceVersionDate "2014.11.20"]
[SourceQuality "1"]

1. Nf3 d6 2. g3 g6 3. Bg2 Bg7 4. c4 Nf6 5. Nc3 0-0 6. 0-0 e5 7. d4 Qe7 8. h3 c6 9. e4 Nbd7 10. Re1 Re8 11. d5 c5 12. Bd2 Rf8 13. Qc2 Ne8 14. Re2 f5 15. exf5 gxf5 16. Ng5 Nb6 17. b3 Nc7 18. Rae1 Bf6 19. Nf3 Qg7 20. a4 e4 21. Nh2 Nd7 22. Kh1 Ne5 23. Rg1 Kh8 24. g4 Rg8 25. g5 Be7 26. f4 exf3 27. Nxf3 Bd7 28. Nd1 Rae8 29. h4 h6 30. Nxe5 dxe5 31. Bh3 Bd6 32. Bxf5 Ref8 33. Be4 h5 34. Qd3 Na6 35. g6 Bg4 36. Reg2 Nb4 37. Qe3 Rf4 38. Nf2 Bc8 39. Rg5 Rxh4+ 40. Kg2 0-1

[Event "SRB-chT2 East CS"]
[Site "Serbia"]
[Date "2012.09.14"]
[Round "1.42"]
[White "Petrovic, Dragan"]
[Black "Zivkovic, Nemanja"]
[Result "1-0"]
[WhiteElo "2197"]
[BlackElo "2212"]
[PlyCount "67"]
[EventDate "2012.09.14"]
[EventType "team"]
[EventRounds "9"]
[EventCountry "SRB"]
[SourceTitle "EXT 2015"]
[Source "ChessBase"]
[SourceDate "2014.11.20"]
[SourceVersion "1"]
[SourceVersionDate "2014.11.20"]
[SourceQuality "1"]

1. d4 Nf6 2. Nf3 c5 3. d5 e6 4. c4 exd5 5. cxd5 d6 6. Nc3 g6 7. h3 Bg7 8. e4 0-0 9. Bd3 Re8 10. 0-0 c4 11. Bc2 b5 12. Nxb5 Nxe4 13. Bxe4 Rxe4 14. Ng5 Re5 15. Nf3 Rh5 16. Bf4 Bxh3 17. gxh3 Qd7 18. Nxd6 Qxh3 19. Nh2 Be5 20. Bxe5 Rxe5 21. Qf3 Qd7 22. Nxc4 Rf5 23. Qg3 Na6 24. Ne3 Rh5 25. Nhg4 Qd8 26. Rac1 Kh8 27. a3 Rb8 28. b4 Rg5 29. f4 Rh5 30. f5 Rg5 31. fxg6 fxg6 32. Rc6 Rb6 33. Rxb6 axb6 34. Ng2 1-0

[Event "SRB-chT Central"]
[Site "Pozarevac"]
[Date "2012.02.17"]
[Round "7"]
[White "Petrovic, Dragan"]
[Black "Nikolic, Dejan"]
[Result "1/2-1/2"]
[WhiteElo "2210"]
[BlackElo "1961"]
[PlyCount "112"]
[EventDate "2012.02.13"]
[EventType "team-swiss"]
[EventRounds "9"]
[EventCountry "SRB"]
[SourceTitle "CBM 146 Extra"]
[Source "ChessBase"]
[SourceDate "2012.02.29"]
[SourceVersion "1"]
[SourceVersionDate "2012.02.29"]
[SourceQuality "1"]

1. e4 e6 2. d3 c5 3. g3 Nc6 4. Bg2 Nf6 5. f4 d6 6. Nf3 Qc7 7. 0-0 Be7 8. Nbd2 0-0 9. h3 Nd7 10. g4 d5 11. e5 f6 12. exf6 Rxf6 13. Nb3 g6 14. Qe2 Nf8 15. Be3 b6 16. c4 Bb7 17. Rae1 Bd6 18. cxd5 exd5 19. Ng5 Ne7 20. Bc1 Bc6 21. Nf3 d4 22. Ne5 Bxg2 23. Qxg2 Re8 24. Nd2 Bxe5 25. fxe5 Rxf1+ 26. Nxf1 Qc6 27. Qf2 Nd5 28. Ng3 Nd7 29. Bh6 Nb4 30. Rf1 Qe6 31. Qf3 Nc6 32. Ne4 Ncxe5 33. Qg3 Nf7 34. Qf4 Nxh6 35. Qxh6 Rf8 36. Qxh7+ Kxh7 37. Ng5+ Kh6 38. Nxe6 Re8 39. g5+ Kh7 40. Rf7+ Kh8 41. Nf4 Ne5 42. Rf6 c4 43. dxc4 Rd8 44. b3 d3 45. Nd5 b5 46. Ne3 bxc4 47. bxc4 d2 48. Nd1 Kg7 49. c5 Rd5 50. c6 Rc5 51. Kf1 Nxc6 52. Ke2 Nb4 53. a3 Rxg5 54. Rd6 Nc2 55. Kxd2 Nxa3 56. Rd7+ Kh6 1/2-1/2

[Event "SRB-chT2 East"]
[Site "Pozarevac"]
[Date "2009.10.10"]
[Round "10.3"]
[White "Dmitrovic, Tomislav"]
[Black "Petrovic, Dragan"]
[Result "1-0"]
[WhiteElo "2279"]
[BlackElo "2215"]
[PlyCount "84"]
[EventDate "2009.09.06"]
[EventType "team"]
[EventRounds "11"]
[EventCountry "SRB"]
[SourceTitle "EXT 2012"]
[Source "ChessBase"]
[SourceDate "2011.11.24"]
[SourceVersion "1"]
[SourceVersionDate "2011.11.24"]
[SourceQuality "1"]

1. Nf3 Nf6 2. g3 e6 3. Bg2 d5 4. 0-0 Be7 5. d3 0-0 6. Nbd2 c5 7. e4 Nc6 8. Re1 dxe4 9. dxe4 b6 10. e5 Nd5 11. a3 Bb7 12. Ne4 h6 13. h4 b5 14. b3 b4 15. axb4 cxb4 16. Bb2 a5 17. Nh2 Qc7 18. Qh5 Rfd8 19. Ng4 Bf8 20. Nef6+ Kh8 21. Nxh6 gxh6 22. Bc1 Nxe5 23. Bxd5 Bxd5 24. Rxe5 Bf3 25. Qxf3 Qxe5 26. Rb1 Qe1+ 27. Kh2 Qc3 28. Qe4 Qxf6 29. Bb2 Bg7 30. Bxf6 Bxf6 31. Qf3 Bg7 32. Rd1 Kg8 33. Kg2 Rac8 34. Qh5 Rxd1 35. Qxd1 Rc5 36. Qd8+ Kh7 37. g4 Rd5 38. Qe8 Rd2 39. Qxf7 a4 40. bxa4 Rxc2 41. Qxe6 Rb2 42. a5 b3 1-0

[Event "SRB-chT3 East"]
[Site "Kladovo"]
[Date "2008.10.26"]
[Round "11.3"]
[White "Petrovic, Dragan"]
[Black "Grujic, Nebojsa"]
[Result "1/2-1/2"]
[WhiteElo "2189"]
[BlackElo "2201"]
[PlyCount "80"]
[EventDate "2008.09.14"]
[EventType "team"]
[EventRounds "11"]
[EventCountry "SRB"]
[SourceTitle "EXT 2012"]
[Source "ChessBase"]
[SourceDate "2011.11.24"]
[SourceVersion "1"]
[SourceVersionDate "2011.11.24"]
[SourceQuality "1"]

1. d4 d5 2. Nf3 c6 3. c4 Nf6 4. Nc3 dxc4 5. e3 b5 6. a4 b4 7. Na2 e6 8. Bxc4 Bb7 9. Bd2 a5 10. 0-0 Be7 11. Qc2 0-0 12. Rfd1 Nbd7 13. Nc1 Qb6 14. Nd3 c5 15. dxc5 Nxc5 16. Nxc5 Bxc5 17. Ne5 Bd6 18. Nf3 Rac8 19. Rac1 Bb8 20. Qb3 Rc5 21. Be2 Rfc8 22. Rxc5 Rxc5 23. Rc1 Rxc1+ 24. Bxc1 Bxf3 25. Bxf3 Qc7 26. Qd1 Qxh2+ 27. Kf1 Qc7 28. Qd2 Qd7 29. b3 Be5 30. Ke2 Nd5 31. Qd3 g6 32. Bd2 Nc3+ 33. Bxc3 Qxd3+ 34. Kxd3 bxc3 35. Bd1 Bd6 36. Kxc3 h5 37. Kd3 Kf8 38. Bf3 Ke7 39. Bc6 Bb4 40. f4 Bc5 1/2-1/2

[Event "SRB-chT3 East"]
[Site "Kladovo"]
[Date "2008.10.24"]
[Round "7.3"]
[White "Petrovic, Dragan"]
[Black "Zivkovic, Dejan"]
[Result "0-1"]
[WhiteElo "2189"]
[BlackElo "2162"]
[PlyCount "96"]
[EventDate "2008.09.14"]
[EventType "team"]
[EventRounds "11"]
[EventCountry "SRB"]
[SourceTitle "EXT 2012"]
[Source "ChessBase"]
[SourceDate "2011.11.24"]
[SourceVersion "1"]
[SourceVersionDate "2011.11.24"]
[SourceQuality "1"]

1. d4 Nf6 2. Nf3 g6 3. c4 Bg7 4. Nc3 d5 5. e3 0-0 6. Be2 a6 7. Bd2 dxc4 8. Bxc4 b5 9. Bb3 Bb7 10. 0-0 Nbd7 11. Qe2 c5 12. Rac1 Rc8 13. Rfd1 Qb6 14. Be1 c4 15. Bc2 Rfe8 16. Ne5 Nxe5 17. dxe5 Qc6 18. f4 Nd7 19. Be4 Qc7 20. Nd5 Bxd5 21. Rxd5 Nc5 22. Bb1 e6 23. Rd6 Bf8 24. Rd4 Be7 25. Bb4 Nd3 26. Bxd3 cxd3 27. Rxc7 dxe2 28. Rxe7 e1Q+ 29. Bxe1 Rxe7 30. Bc3 Rec7 31. Rd3 Kf8 32. Kf2 Ke8 33. Ke2 Rd7 34. Rd4 Rxd4 35. exd4 b4 36. Bxb4 Rc2+ 37. Kf3 Rxb2 38. a3 Kd7 39. h3 Kc6 40. g4 Kd5 41. Bc5 Rb3+ 42. Kg2 Ke4 43. f5 exf5 44. g5 Rd3 45. h4 Rxd4 46. Bxd4 Kxd4 47. Kf3 Kxe5 48. a4 f6 0-1

[Event "SRB-chT2 East"]
[Site "Serbia"]
[Date "2006.10.27"]
[Round "9.1"]
[White "Markovic, Milan"]
[Black "Petrovic, Dragan"]
[Result "1-0"]
[WhiteElo "2323"]
[BlackElo "2102"]
[PlyCount "95"]
[EventDate "2006.09.09"]
[EventType "team"]
[EventRounds "11"]
[EventCountry "SRB"]
[SourceTitle "EXT 2012"]
[Source "ChessBase"]
[SourceDate "2011.11.24"]
[SourceVersion "1"]
[SourceVersionDate "2011.11.24"]
[SourceQuality "1"]

1. e4 c5 2. d4 cxd4 3. c3 d3 4. Bxd3 Nc6 5. c4 d6 6. Nc3 Nf6 7. Nge2 g6 8. 0-0 Bg7 9. f3 0-0 10. Be3 Ne5 11. Rc1 b6 12. b3 Nxd3 13. Qxd3 Bb7 14. Rfd1 Nd7 15. Nd5 Ne5 16. Qd2 Re8 17. Bh6 Bh8 18. Qf4 f6 19. Qd2 e6 20. Ne3 g5 21. h4 Nf7 22. Ng4 Qe7 23. Ng3 Rad8 24. Re1 gxh4 25. Nh5 Ne5 26. Qf4 Nd3 27. Qh2 Nxe1 28. Rxe1 Kf7 29. Qxh4 Rg8 30. Nf4 Ke8 31. Qh5+ Kd7 32. a4 Kc7 33. a5 Qe8 34. axb6+ axb6 35. Qh4 Qf7 36. Qf2 Rxg4 37. fxg4 Ra8 38. b4 Bc6 39. c5 dxc5 40. bxc5 b5 41. Qd4 Rd8 42. Qc3 Ra8 43. Qb3 Kb7 44. Nxe6 Qe7 45. Rd1 Re8 46. Rd6 f5 47. Rxc6 Kxc6 48. Qd5# 1-0

[Event "SRB-chT2 East"]
[Site "Serbia"]
[Date "2006.10.27"]
[Round "8.1"]
[White "Petrovic, Dragan"]
[Black "Djokic, Nebojsa"]
[Result "1/2-1/2"]
[WhiteElo "2102"]
[BlackElo "2256"]
[PlyCount "105"]
[EventDate "2006.09.09"]
[EventType "team"]
[EventRounds "11"]
[EventCountry "SRB"]
[SourceTitle "EXT 2012"]
[Source "ChessBase"]
[SourceDate "2011.11.24"]
[SourceVersion "1"]
[SourceVersionDate "2011.11.24"]
[SourceQuality "1"]

1. d4 Nf6 2. Nf3 g6 3. g3 Bg7 4. Bg2 0-0 5. 0-0 c6 6. c4 d6 7. Nc3 Qb6 8. e4 Bg4 9. Rb1 c5 10. d5 e6 11. h3 Bxf3 12. Qxf3 exd5 13. exd5 Nbd7 14. b3 Rae8 15. Bb2 Re7 16. Rfe1 Rfe8 17. Rxe7 Rxe7 18. g4 a6 19. Qg3 Ne8 20. Ne4 Bxb2 21. Rxb2 Ndf6 22. Nc3 Re1+ 23. Kh2 Qd8 24. Re2 Rxe2 25. Nxe2 Qe7 26. Qd3 Nd7 27. f4 Qh4 28. Qg3 Qe7 29. Nc3 Nef6 30. Qf2 h6 31. Qe2 Qd8 32. Qe3 Kg7 33. Bf3 b6 34. Kg3 Nh7 35. Ne4 Ndf6 36. Nf2 Nd7 37. Qc3+ Kg8 38. h4 g5 39. Qe3 Kg7 40. Ne4 gxf4+ 41. Qxf4 Ne5 42. Bd1 Nf8 43. h5 Nh7 44. Bc2 Nf6 45. Qxf6+ Qxf6 46. Nxf6 Kxf6 47. Kf4 Nd7 48. Bf5 Ne5 49. a4 a5 50. Be4 Nd7 51. Bc2 Ne5 52. Bf5 Kg7 53. Be4 1/2-1/2

[Event "SRB-chT2 East"]
[Site "Serbia"]
[Date "2006.10.26"]
[Round "7.1"]
[White "Zivic, Dragan"]
[Black "Petrovic, Dragan"]
[Result "1-0"]
[WhiteElo "2294"]
[BlackElo "2102"]
[PlyCount "77"]
[EventDate "2006.09.09"]
[EventType "team"]
[EventRounds "11"]
[EventCountry "SRB"]
[SourceTitle "EXT 2012"]
[Source "ChessBase"]
[SourceDate "2011.11.24"]
[SourceVersion "1"]
[SourceVersionDate "2011.11.24"]
[SourceQuality "1"]

1. e4 c5 2. Nf3 e6 3. d4 cxd4 4. Nxd4 a6 5. Nc3 Nc6 6. Be2 d6 7. 0-0 Nf6 8. Be3 Be7 9. f4 Qc7 10. Kh1 0-0 11. Qe1 Nxd4 12. Bxd4 b5 13. e5 Nd7 14. exd6 Bxd6 15. Qg3 g6 16. Ne4 Be7 17. Rf3 Bb7 18. Rc3 Qd8 19. Bf3 Bd5 20. Ng5 Bxf3 21. Rxf3 e5 22. Be3 exf4 23. Bxf4 Nf6 24. Rd3 Nh5 25. Qe3 Qe8 26. Ne4 Nxf4 27. Qxf4 Qc6 28. Rc3 Qe6 29. Re3 f5 30. Nc3 Qf7 31. Rd1 Rad8 32. Red3 Rxd3 33. Rxd3 Bf6 34. Nd5 Bg7 35. b3 Re8 36. Re3 Rxe3 37. Nxe3 h6 38. g3 Kh7 39. h4 1-0